Sams teach yourself Macromedia Flash MX in 24 hours / (Record no. 395)

MARC details
000 -LEADER
fixed length control field 00695nac a22001931u 4500
010 ## - LIBRARY OF CONGRESS CONTROL NUMBER
LC control number 2001098208
020 ## - INTERNATIONAL STANDARD BOOK NUMBER
International Standard Book Number 0672323710
035 ## - SYSTEM CONTROL NUMBER
System control number (DLC) 2001098208
082 00 - DEWEY DECIMAL CLASSIFICATION NUMBER
Classification number 006.6/96
Item number K395
090 ## - LOCALLY ASSIGNED LC-TYPE CALL NUMBER (OCLC); LOCAL CALL NUMBER (OCLC)
-- 395
-- 395
100 ## - MAIN ENTRY--PERSONAL NAME
Personal name Kerman, Phillip.
245 10 - TITLE STATEMENT
Title Sams teach yourself Macromedia Flash MX in 24 hours /
Statement of responsibility, etc Phillip Kerman.
260 ## - PUBLICATION, DISTRIBUTION, ETC. (IMPRINT)
Place of publication, distribution, etc Indianapolis, IN :
Name of publisher, distributor, etc Sams,
Date of publication, distribution, etc 2002.
300 ## - PHYSICAL DESCRIPTION
Extent xvii, 600 p. :
Other physical details ill. ;
Dimensions 23 cm.
650 #0 - SUBJECT ADDED ENTRY--TOPICAL TERM
Topical term or geographic name as entry element Computer animation.
650 #0 - SUBJECT ADDED ENTRY--TOPICAL TERM
Topical term or geographic name as entry element Web sites
General subdivision Design.
942 ## - ADDED ENTRY ELEMENTS (KOHA)
Item type Book - Borrowing
Call number prefix 006.696K395
Holdings
Withdrawn status Item status Source of classification or shelving scheme Damaged status Not for loan Vendor Home library Current library Shelving location Date acquired Source of acquisition Cost, normal purchase price Total Checkouts Total Renewals Full call number Barcode Date last seen Date last borrowed Cost, replacement price Koha item type
    Dewey Decimal Classification       Central Library Central Library Lower Floor 09/04/2006   210.00 4 9 006.696 KER 000004238 15/07/2025 02/07/2018 262.50 Book - Borrowing